|
|
|
|
| LEADER |
00000cam a2200000 7i4500 |
| 001 |
0000086916 |
| 005 |
20230125112717.0 |
| 008 |
211021 |
| 020 |
|
|
|a 9789670911298
|
| 041 |
0 |
|
|a Malay
|
| 090 |
0 |
0 |
|a 155.4
|b KAM
|
| 100 |
0 |
|
|a Kamisah Buang
|c Dr. ,
|d 1964-
|
| 245 |
1 |
0 |
|a Didik hibur & perkembangan sosioemosi kanak-kanak
|c Dr. Kamisah Buang
|
| 260 |
|
|
|a Selangor :
|b MZ Edu Publications ,
|c 2021
|
| 300 |
|
|
|a 238 p. ;
|c 21.5 cm.
|
| 541 |
|
|
|a Purchased on 2021
|f MZE
|h RM28.00
|
| 650 |
|
0 |
|a Child development
|
| 650 |
|
0 |
|a Child psychology
|
| 650 |
|
0 |
|a Emotions in children
|
| 999 |
|
|
|a 0001661806
|b Book
|c Adult Collection
|e Cawangan Batu Pahat
|
| 999 |
|
|
|a 0001661808
|b Book
|c Adult Collection
|e Cawangan Pontian
|
| 999 |
|
|
|a 0001661809
|b Book
|c Adult Collection
|e Cawangan Bukit Gambir
|
| 999 |
|
|
|a 0001661810
|b Book
|c Adult Collection
|e Cawangan Taman Sri Lambak
|
| 999 |
|
|
|a 0001661811
|b Book
|c Adult Collection
|e Cawangan Bandar Tenggara
|
| 999 |
|
|
|a 0001661812
|b Book
|c Adult Collection
|e Cawangan Kota Tinggi
|
| 999 |
|
|
|a 0001661813
|b Book
|c Adult Collection
|e Cawangan Tmn. Ungku Tun Aminah
|
| 999 |
|
|
|a 0001661814
|b Book
|c Adult Collection
|e Cawangan Segamat
|
| 999 |
|
|
|a 0001661815
|b Book
|c Adult Collection
|e Cawangan Bandar Penawar
|
| 999 |
|
|
|a 0001661816
|b Book
|c Adult Collection
|e Cawangan Mersing
|
| 999 |
|
|
|a 0001661817
|b Book
|c Adult Collection
|e Cawangan Tangkak
|
| 999 |
|
|
|a 0001661818
|b Book
|c Adult Collection
|e Cawangan Muar
|
| 999 |
|
|
|a 0001662088
|b Book
|c Adult Collection
|e Perbadanan Perpustakaan Awam Johor
|
| 999 |
|
|
|a 0001662089
|b Book
|c Adult Collection
|e Perbadanan Perpustakaan Awam Johor
|
| 999 |
|
|
|a 0001662090
|b Book
|c Adult Collection
|e Cawangan Urban Transformation Centre
|
| 999 |
|
|
|a 0001662091
|b Book
|c Adult Collection
|e Cawangan AEON Kulaijaya
|